[Event "Liga Madrileña - DH 2017-2018"]
[Site "Madrid ESP"]
[Date "2018.02.11"]
[Round "9.35"]
[White "Ortega Ruiz, Jose Miguel"]
[Black "Sanchez Gonzalez, Sergio"]
[Result "1-0"]
[WhiteElo "2285"]
[BlackElo "2290"]
[PlyCount "59"]
[EventDate "2017.11.19"]
[EventType "team-tourn"]
[EventRounds "14"]
[EventCountry "ESP"]
[SourceTitle "Ajedrez en Madrid"]
[Source "lmi"]
[SourceDate "2017.11.19"]
[WhiteTeam "Collado Villalba"]
[BlackTeam "Liberty Chess"]
[WhiteTeamCountry "ESP"]
[BlackTeamCountry "ESP"]

1. d4 Nf6 2. c4 e6 3. Nf3 d5 4. e3 a6 5. Nc3 Be7 6. a3 dxc4 7. Bxc4 c5 8. O-O
b5 9. Bd3 Nbd7 10. e4 cxd4 11. Nxd4 Bb7 12. Re1 Ne5 13. Bc2 Bc5 14. Nb3 Bb6 15.
Bf4 Nc4 16. Qe2 Nd7 17. e5 Bc7 18. Qg4 g6 19. Rad1 Qe7 20. Be4 Bxe4 21. Nxe4
Ncxe5 22. Qg3 f6 23. Qc3 Bb6 24. Nd6+ Kf8 25. Nc8 Qd8 26. Nxb6 Qxb6 27. Bxe5
Nxe5 28. Rxe5 fxe5 29. Qxe5 Rg8 30. Nc5 1-0

[Event "Liga Madrileña - DH 2017-2018"]
[Site "Madrid ESP"]
[Date "2018.02.11"]
[Round "9.36"]
[White "Perez Gonzalez, Jose Manuel"]
[Black "Pastor Alonso de Prado, Emilio Alberto"]
[Result "1/2-1/2"]
[WhiteElo "2262"]
[BlackElo "2201"]
[PlyCount "71"]
[EventDate "2017.11.19"]
[EventType "team-tourn"]
[EventRounds "14"]
[EventCountry "ESP"]
[SourceTitle "Ajedrez en Madrid"]
[Source "lmi"]
[SourceDate "2017.11.19"]
[WhiteTeam "Liberty Chess"]
[BlackTeam "Collado Villalba"]
[WhiteTeamCountry "ESP"]
[BlackTeamCountry "ESP"]

1. e4 e5 2. Nf3 Nc6 3. Bc4 Be7 4. d4 exd4 5. c3 Na5 6. Qxd4 Nxc4 7. Qxc4 Nf6 8.
Bg5 d5 9. exd5 Qxd5 10. Qxd5 Nxd5 11. Bxe7 Kxe7 12. O-O Rd8 13. Nbd2 Nf4 14.
Nc4 Be6 15. Ne3 Rd3 16. Nd4 Rd8 17. Rfd1 c5 18. Rxd3 Nxd3 19. Nxe6 fxe6 20. Rb1
b5 21. Kf1 Nf4 22. g3 Nd5 23. Ke2 c4 24. Rd1 Kd6 25. a4 a6 26. axb5 axb5 27.
Nc2 Ra8 28. Nd4 Ra2 29. Rd2 b4 30. cxb4 Nxb4 31. Nb5+ Kc5 32. Nc3 Ra5 33. Ne4+
Kb5 34. Nd6+ Kc5 35. Ne4+ Kb5 36. Nd6+ 1/2-1/2

[Event "Liga Madrileña - DH 2017-2018"]
[Site "Madrid ESP"]
[Date "2018.02.10"]
[Round "9.41"]
[White "Bolado Saez, Sergio"]
[Black "Almagro Llamas, Pablo"]
[Result "1/2-1/2"]
[WhiteElo "2370"]
[BlackElo "2483"]
[PlyCount "47"]
[EventDate "2017.11.19"]
[EventType "team-tourn"]
[EventRounds "14"]
[EventCountry "ESP"]
[SourceTitle "Ajedrez en Madrid"]
[Source "lmi"]
[SourceDate "2017.11.19"]
[WhiteTeam "Blanco y Negro"]
[BlackTeam "Virgen de Atocha"]
[WhiteTeamCountry "ESP"]
[BlackTeamCountry "ESP"]

1. d4 Nf6 2. c4 e6 3. Nf3 c5 4. d5 d6 5. Nc3 g6 6. h3 exd5 7. cxd5 Bg7 8. e4
O-O 9. Bd3 b5 10. Nxb5 Nxe4 11. O-O a6 12. Nc3 Nf6 13. Ne4 Bb7 14. Bf4 Nxd5 15.
Bxd6 Re8 16. Bxc5 Nd7 17. Ba3 Nf4 18. Nd6 Ne5 19. Nxe5 Rxe5 20. Nxb7 Qxd3 21.
Qxd3 Nxd3 22. Rad1 Nf4 23. Kh2 Re2 24. Rde1 1/2-1/2

[Event "Liga Madrileña - DH 2017-2018"]
[Site "Madrid ESP"]
[Date "2018.02.10"]
[Round "9.42"]
[White "Espinosa Aranda, Angel"]
[Black "Taboas Rodriguez, Daniel"]
[Result "1/2-1/2"]
[WhiteElo "2470"]
[BlackElo "2367"]
[PlyCount "64"]
[EventDate "2017.11.19"]
[EventType "team-tourn"]
[EventRounds "14"]
[EventCountry "ESP"]
[SourceTitle "Ajedrez en Madrid"]
[Source "lmi"]
[SourceDate "2017.11.19"]
[WhiteTeam "Virgen de Atocha"]
[BlackTeam "Blanco y Negro"]
[WhiteTeamCountry "ESP"]
[BlackTeamCountry "ESP"]

1. g3 d5 2. Nf3 Nf6 3. Bg2 c5 4. O-O Nc6 5. d4 e6 6. c4 dxc4 7. Qa4 cxd4 8.
Nxd4 Qxd4 9. Bxc6+ Bd7 10. Rd1 Qxd1+ 11. Qxd1 Bxc6 12. Nd2 Rd8 13. Qc2 Bc5 14.
Nxc4 Ng4 15. Ne3 Nxe3 16. Bxe3 Bxe3 17. fxe3 O-O 18. Rd1 Be4 19. Qa4 Bc6 20.
Qb3 Bd5 21. Qb4 Rc8 22. b3 Rc2 23. e4 Bc6 24. Qe7 h6 25. Rd8 Rxd8 26. Qxd8+ Kh7
27. Qd3 Rxa2 28. e5+ g6 29. Qd8 Kg7 30. Qf6+ Kg8 31. Qd8+ Kg7 32. Qf6+ Kg8
1/2-1/2

[Event "Liga Madrileña - DH 2017-2018"]
[Site "Madrid ESP"]
[Date "2018.02.10"]
[Round "9.43"]
[White "Renteria Becerra, Jorge Elicer"]
[Black "Plazuelo Pascual, Juan"]
[Result "1/2-1/2"]
[WhiteElo "2273"]
[BlackElo "2340"]
[PlyCount "31"]
[EventDate "2017.11.19"]
[EventType "team-tourn"]
[EventRounds "14"]
[EventCountry "ESP"]
[SourceTitle "Ajedrez en Madrid"]
[Source "lmi"]
[SourceDate "2017.11.19"]
[WhiteTeam "Blanco y Negro"]
[BlackTeam "Virgen de Atocha"]
[WhiteTeamCountry "ESP"]
[BlackTeamCountry "ESP"]

1. e4 c5 2. Nf3 g6 3. Nc3 Bg7 4. d4 cxd4 5. Nxd4 Nc6 6. Be3 Nf6 7. Bc4 O-O 8.
Bb3 Re8 9. O-O d6 10. h3 Na5 11. Re1 a6 12. Nf3 Qc7 13. Bd4 e5 14. Be3 Nxb3 15.
axb3 Be6 16. Bg5 1/2-1/2

[Event "Liga Madrileña - DH 2017-2018"]
[Site "Madrid ESP"]
[Date "2018.02.10"]
[Round "9.44"]
[White "Dominguez Fernandez, Angel I"]
[Black "Alarcia Astiz, Carlos"]
[Result "0-1"]
[WhiteElo "2234"]
[BlackElo "2275"]
[PlyCount "92"]
[EventDate "2017.11.19"]
[EventType "team-tourn"]
[EventRounds "14"]
[EventCountry "ESP"]
[SourceTitle "Ajedrez en Madrid"]
[Source "lmi"]
[SourceDate "2017.11.19"]
[WhiteTeam "Virgen de Atocha"]
[BlackTeam "Blanco y Negro"]
[WhiteTeamCountry "ESP"]
[BlackTeamCountry "ESP"]

1. e4 c6 2. Nc3 d5 3. Nf3 Bg4 4. h3 Bxf3 5. Qxf3 e6 6. d4 Nf6 7. Bg5 Be7 8. e5
Nfd7 9. Bxe7 Qxe7 10. Qg3 g6 11. h4 h5 12. Bd3 a6 13. O-O-O c5 14. Rhe1 Nc6 15.
dxc5 Nxc5 16. f4 O-O-O 17. Qf2 Kb8 18. Kb1 Rc8 19. Be2 d4 20. Rxd4 Nxd4 21.
Qxd4 Qxh4 22. Rc1 Rhd8 23. Qe3 Qe7 24. Bf3 Qd7 25. b4 Na4 26. Nxa4 Qxa4 27. a3
Rc4 28. Qb6 Rd7 29. Qe3 Rdd4 30. Kb2 Qd7 31. g3 Rd2 32. Be4 Qd4+ 33. Qxd4 Rcxd4
34. Re1 Rd1 35. Re3 Rf1 36. Bd3 Rf2 37. Kc3 Rd8 38. a4 h4 39. gxh4 Rxf4 40. b5
a5 41. Kb3 Kc7 42. c4 Kb6 43. Be4 Rd4 44. c5+ Kxc5 45. Bxb7 Rb4+ 46. Kc3 Rxa4
0-1

[Event "Liga Madrileña - DH 2017-2018"]
[Site "Madrid ESP"]
[Date "2018.02.10"]
[Round "9.45"]
[White "Beltran de Heredia Eguiaz, Miguel Angel"]
[Black "Vazquez Torres, Adrian"]
[Result "1/2-1/2"]
[WhiteElo "2224"]
[BlackElo "2174"]
[PlyCount "108"]
[EventDate "2017.11.19"]
[EventType "team-tourn"]
[EventRounds "14"]
[EventCountry "ESP"]
[SourceTitle "Ajedrez en Madrid"]
[Source "lmi"]
[SourceDate "2017.11.19"]
[WhiteTeam "Blanco y Negro"]
[BlackTeam "Virgen de Atocha"]
[WhiteTeamCountry "ESP"]
[BlackTeamCountry "ESP"]

1. e4 c5 2. Nf3 Nc6 3. d4 cxd4 4. Nxd4 d6 5. Nc3 Nf6 6. Bc4 e6 7. Be3 Be7 8.
Qe2 a6 9. Bb3 Qc7 10. O-O-O Bd7 11. f3 b5 12. g4 Nxd4 13. Bxd4 Bc6 14. Kb1 b4
15. Na4 Nd7 16. Qc4 Qb7 17. Bxg7 Rg8 18. Bd4 Rg5 19. f4 Ra5 20. f5 d5 21. Qe2
dxe4 22. fxe6 fxe6 23. g5 O-O-O 24. Qc4 e5 25. Bb6 Nxb6 26. Nxb6+ Kb8 27. Qe6
e3 28. Rhe1 Bxg5 29. Rxd8+ Bxd8 30. Nc4 Rb5 31. Nd6 Qb6 32. Nxb5 Qxb5 33. Qd6+
Bc7 34. Qf8+ Kb7 35. Rxe3 a5 36. Be6 Qb6 37. Re1 a4 38. Rf1 a3 39. Bc8+ Ka7 40.
Qf2 e4 41. Qxb6+ Kxb6 42. Bf5 Bxh2 43. Rf2 Bg3 44. Re2 h5 45. Bxe4 Bd7 46. Bf3
h4 47. Re4 Kc5 48. b3 Bb5 49. Rg4 Bf2 50. Rg5+ Kb6 51. Rg6+ Kc5 52. Rg7 Kb6 53.
Rg6+ Kc5 54. Rg5+ Kb6 1/2-1/2

[Event "Liga Madrileña - DH 2017-2018"]
[Site "Madrid ESP"]
[Date "2018.02.10"]
[Round "9.46"]
[White "Yanes Crespo, Javier"]
[Black "Rodriguez Melendez, Juan Humbert"]
[Result "0-1"]
[WhiteElo "1903"]
[BlackElo "2176"]
[PlyCount "104"]
[EventDate "2017.11.19"]
[EventType "team-tourn"]
[EventRounds "14"]
[EventCountry "ESP"]
[SourceTitle "Ajedrez en Madrid"]
[Source "lmi"]
[SourceDate "2017.11.19"]
[WhiteTeam "Virgen de Atocha"]
[BlackTeam "Blanco y Negro"]
[WhiteTeamCountry "ESP"]
[BlackTeamCountry "ESP"]

1. d4 Nf6 2. Bf4 c5 3. e3 g6 4. Nf3 Bg7 5. Be2 O-O 6. c3 d6 7. h3 Qb6 8. Qb3
Qc7 9. Nbd2 b6 10. O-O Bb7 11. Rfd1 Nbd7 12. a4 Rab8 13. Qa3 Ne4 14. Nxe4 Bxe4
15. Nd2 Bc6 16. Bf3 Bxf3 17. Nxf3 Rfc8 18. Bh2 Nf6 19. Rdc1 Qd7 20. b4 Rb7 21.
Rab1 Rbc7 22. a5 cxb4 23. cxb4 Qb5 24. Rxc7 Rxc7 25. axb6 Qxb6 26. Qa5 Qc6 27.
Bf4 h6 28. h4 Qc2 29. Ra1 Ng4 30. Bg3 Qb2 31. Ne1 h5 32. Qxc7 Qxa1 33. Qc8+ Kh7
34. Kf1 Qa3 35. b5 Nf6 36. Qc2 Qa1 37. Ke2 Nd5 38. Qb3 Nc3+ 39. Kd2 Ne4+ 40.
Ke2 Nxg3+ 41. fxg3 Kg8 42. b6 Qa6+ 43. Nd3 axb6 44. Kf2 Bh6 45. Nb4 Qb5 46. Qc3
Kh7 47. Nc6 Qf5+ 48. Ke2 Qe4 49. Kf2 e6 50. Nd8 Kg8 51. Nc6 Bxe3+ 52. Kf1 Kh7
0-1

[Event "Liga Madrileña - DH 2017-2018"]
[Site "Madrid ESP"]
[Date "2018.02.18"]
[Round "10.11"]
[White "Pulvett Marin, Daniel"]
[Black "Martinez Reyes, Pedro Ramon"]
[Result "1/2-1/2"]
[WhiteElo "2465"]
[BlackElo "2414"]
[PlyCount "22"]
[EventDate "2017.11.19"]
[EventType "team-tourn"]
[EventRounds "14"]
[EventCountry "ESP"]
[SourceTitle "Ajedrez en Madrid"]
[Source "lmi"]
[SourceDate "2017.11.19"]
[WhiteTeam "Alcorcon"]
[BlackTeam "Blanco y Negro"]
[WhiteTeamCountry "ESP"]
[BlackTeamCountry "ESP"]

1. e4 e5 2. Nf3 Nf6 3. Nxe5 d6 4. Nf3 Nxe4 5. Qe2 Qe7 6. d3 Nf6 7. Bg5 Qxe2+ 8.
Bxe2 Be7 9. Nc3 h6 10. Bh4 O-O 11. Nd4 Re8 1/2-1/2

[Event "Liga Madrileña - DH 2017-2018"]
[Site "Madrid ESP"]
[Date "2018.02.18"]
[Round "10.12"]
[White "Bolado Saez, Sergio"]
[Black "Vallejo Diaz, Jesus"]
[Result "1-0"]
[WhiteElo "2370"]
[BlackElo "2246"]
[PlyCount "183"]
[EventDate "2017.11.19"]
[EventType "team-tourn"]
[EventRounds "14"]
[EventCountry "ESP"]
[SourceTitle "Ajedrez en Madrid"]
[Source "lmi"]
[SourceDate "2017.11.19"]
[WhiteTeam "Blanco y Negro"]
[BlackTeam "Alcorcon"]
[WhiteTeamCountry "ESP"]
[BlackTeamCountry "ESP"]

1. d4 Nf6 2. Bf4 d6 3. e3 Nbd7 4. h3 c5 5. Nf3 b6 6. c4 e6 7. Nc3 a6 8. Be2 Bb7
9. O-O Be7 10. Qc2 O-O 11. Rad1 Qc7 12. a4 Rfd8 13. d5 Nf8 14. e4 Ng6 15. Bh2
e5 16. Rfe1 Bc8 17. Bf1 Nh5 18. g3 Bd7 19. Qe2 Qc8 20. Kh1 Bxh3 21. Bxh3 Qxh3
22. Ng1 Nxg3+ 23. fxg3 Qh6 24. Rd3 Rf8 25. Rf1 Nh8 26. Nd1 g6 27. g4 Bg5 28.
Rh3 Qg7 29. Nf3 f6 30. Bg1 Bf4 31. Nh4 Qd7 32. b3 Nf7 33. Bh2 Bg5 34. Ne3 a5
35. Nhg2 Rae8 36. Bg1 Kg7 37. Bf2 Rh8 38. Qf3 Ref8 39. Rh2 Qd8 40. Be1 Qd7 41.
Qh3 h6 42. Bd2 Qc8 43. Kg1 Qd7 44. Kf2 Qc8 45. Ke2 Qd7 46. Kd3 Qc8 47. Rhh1 Qd7
48. Nh4 Bxh4 49. Qxh4 Ng5 50. Qg3 Qe7 51. Rh4 Rh7 52. Nd1 Rhh8 53. Qg2 Qd7 54.
Nc3 Qd8 55. Ne2 Qd7 56. Ng3 Qc7 57. Ke2 Qd7 58. Rfh1 Rh7 59. Qh2 Rfh8 60. Rf1
Qc8 61. Qf2 Rf8 62. Bxg5 hxg5 63. Rxh7+ Kxh7 64. Qf3 Kg7 65. Kd3 Qd8 66. Kc3
Rh8 67. Ne2 Qe7 68. Kb2 Rh2 69. Ka3 Rh4 70. Nc3 Qd8 71. Nb5 Kf7 72. Nc7 Qh8 73.
Ne6 Ke7 74. Nxg5 Rh2 75. Ne6 Rh3 76. Qe2 Rh2 77. Qe3 Rh3 78. Qg1 Qh4 79. Qf2
Qxf2 80. Rxf2 g5 81. Ng7 Rh1 82. Nh5 Rg1 83. Nxf6 Rg3 84. Kb2 Kd8 85. Rf5 Rg2+
86. Ka3 Ke7 87. Rf3 Kf7 88. Rf5 Kg6 89. Ne8 Rxg4 90. Nxd6 Rf4 91. Rxe5 g4 92.
Rf5 1-0

[Event "Liga Madrileña - DH 2017-2018"]
[Site "Madrid ESP"]
[Date "2018.02.18"]
[Round "10.13"]
[White "Aguilera Lopez, Alejandro"]
[Black "Taboas Rodriguez, Daniel"]
[Result "1-0"]
[WhiteElo "2104"]
[BlackElo "2367"]
[PlyCount "79"]
[EventDate "2017.11.19"]
[EventType "team-tourn"]
[EventRounds "14"]
[EventCountry "ESP"]
[SourceTitle "Ajedrez en Madrid"]
[Source "lmi"]
[SourceDate "2017.11.19"]
[WhiteTeam "Alcorcon"]
[BlackTeam "Blanco y Negro"]
[WhiteTeamCountry "ESP"]
[BlackTeamCountry "ESP"]

1. d4 Nf6 2. Nf3 g6 3. Bg5 Bg7 4. e3 c5 5. c3 b6 6. Nbd2 Bb7 7. Bc4 O-O 8. O-O
d5 9. Be2 Nc6 10. a4 Ne4 11. Nxe4 dxe4 12. Nd2 Qd5 13. Bh4 cxd4 14. cxd4 Rac8
15. Rc1 Qd7 16. Bb5 a6 17. Bxc6 Bxc6 18. b3 b5 19. axb5 axb5 20. Rc5 Bd5 21.
Qc2 Rxc5 22. dxc5 Qe6 23. Rc1 Rc8 24. h3 b4 25. Nb1 Be5 26. Qd2 Rb8 27. Bxe7
Bxb3 28. Bd6 Bxd6 29. cxd6 Ba4 30. Qd4 Bd7 31. Nd2 f5 32. Rc7 Ra8 33. Qxb4 Ra1+
34. Kh2 Ra2 35. Qd4 h5 36. Rb7 h4 37. Rb8+ Kf7 38. Rh8 Rxd2 39. Rh7+ Kf8 40.
Qg7+ 1-0

[Event "Liga Madrileña - DH 2017-2018"]
[Site "Madrid ESP"]
[Date "2018.02.18"]
[Round "10.14"]
[White "Renteria Becerra, Jorge Elicer"]
[Black "Ramos del Campo, Alexander"]
[Result "1-0"]
[WhiteElo "2273"]
[BlackElo "2168"]
[PlyCount "129"]
[EventDate "2017.11.19"]
[EventType "team-tourn"]
[EventRounds "14"]
[EventCountry "ESP"]
[SourceTitle "Ajedrez en Madrid"]
[Source "lmi"]
[SourceDate "2017.11.19"]
[WhiteTeam "Blanco y Negro"]
[BlackTeam "Alcorcon"]
[WhiteTeamCountry "ESP"]
[BlackTeamCountry "ESP"]

1. e4 c5 2. Nf3 e6 3. d4 cxd4 4. Nxd4 a6 5. Bd3 Nf6 6. O-O Qc7 7. Qe2 d6 8. c4
g6 9. Nc3 Bg7 10. Kh1 O-O 11. Nc2 Nbd7 12. Bg5 b6 13. Rad1 Bb7 14. f4 Rfc8 15.
f5 exf5 16. exf5 Re8 17. Qd2 Rac8 18. Ne3 Qc5 19. Ned5 Bxd5 20. Nxd5 Nxd5 21.
cxd5 f6 22. Rc1 Qa5 23. b4 Qa3 24. Bf4 Ne5 25. Rxc8 Rxc8 26. Bxe5 dxe5 27. fxg6
hxg6 28. d6 Rd8 29. Bc4+ Kh7 30. Rf3 Bh6 31. Qxh6+ Kxh6 32. Rxa3 Rxd6 33. Kg1
Rd4 34. Be2 Rxb4 35. Rxa6 Kg5 36. a4 Kf4 37. Kf2 f5 38. a5 bxa5 39. Rxg6 e4 40.
g3+ Ke5 41. Ra6 a4 42. Ra5+ Kf6 43. Ke3 Kg6 44. Ra6+ Kg7 45. h4 Rb3+ 46. Kf4 a3
47. h5 Rb2 48. Bc4 Rh2 49. Kg5 e3 50. Ra7+ Kf8 51. Ra8+ Ke7 52. Rxa3 f4 53.
Kxf4 Rxh5 54. Rxe3+ Kf6 55. g4 Rc5 56. Re6+ Kg7 57. Bd3 Rd5 58. Bf5 Ra5 59. Kg5
Kf7 60. Rd6 Kg7 61. Rd7+ Kh8 62. Kf6 Ra6+ 63. Be6 Rb6 64. g5 Rb8 65. Kg6 1-0

[Event "Liga Madrileña - DH 2017-2018"]
[Site "Madrid ESP"]
[Date "2018.02.18"]
[Round "10.15"]
[White "Cabrejos Tovar, Jose"]
[Black "Alarcia Astiz, Carlos"]
[Result "1-0"]
[WhiteElo "2142"]
[BlackElo "2275"]
[PlyCount "107"]
[EventDate "2017.11.19"]
[EventType "team-tourn"]
[EventRounds "14"]
[EventCountry "ESP"]
[SourceTitle "Ajedrez en Madrid"]
[Source "lmi"]
[SourceDate "2017.11.19"]
[WhiteTeam "Alcorcon"]
[BlackTeam "Blanco y Negro"]
[WhiteTeamCountry "ESP"]
[BlackTeamCountry "ESP"]

1. f4 d5 2. Nf3 Nf6 3. g3 g6 4. Bg2 Bg7 5. O-O O-O 6. d3 c6 7. h3 Nbd7 8. Qe1
Re8 9. e4 dxe4 10. dxe4 e5 11. f5 Qb6+ 12. Kh2 gxf5 13. Nh4 f4 14. Nf5 Nf8 15.
Nxg7 Kxg7 16. gxf4 exf4 17. Qc3 Ng6 18. Bxf4 Qb5 19. Na3 Qh5 20. Bc7 Ne5 21.
Nc4 Nxc4 22. Qxf6+ Kg8 23. Rf3 Ne5 24. Rg3+ Ng6 25. Rf1 Be6 26. Be5 Kf8 27.
Qg7+ Ke7 28. Bf6+ Kd7 29. Rg5 Qe2 30. Qxh7 Rg8 31. Bd4 Raf8 32. Rf2 Qc4 33. Rg3
Kc8 34. Bxa7 Qxa2 35. Bc5 Rd8 36. Ra3 Qxb2 37. Ra8+ Kc7 38. Rxf7+ Bxf7 39.
Qxf7+ Rd7 40. Qxg8 Qe5+ 41. Kh1 Rd1+ 42. Bg1 Rxg1+ 43. Kxg1 Qd4+ 44. Kh2 Qd6+
45. Kg1 Qd1+ 46. Kf2 Qd2+ 47. Kf3 Qd1+ 48. Kg3 Qd6+ 49. Kg4 Qd7+ 50. Kg5 Qd2+
51. Kxg6 Qxg2+ 52. Kf7 Qf3+ 53. Kg7 Qg3+ 54. Kh8 1-0

[Event "Liga Madrileña - DH 2017-2018"]
[Site "Madrid ESP"]
[Date "2018.02.18"]
[Round "10.16"]
[White "Beltran de Heredia Eguiaz, Miguel Angel"]
[Black "Prada Lopez, Miguel Angel"]
[Result "1/2-1/2"]
[WhiteElo "2224"]
[BlackElo "2077"]
[PlyCount "118"]
[EventDate "2017.11.19"]
[EventType "team-tourn"]
[EventRounds "14"]
[EventCountry "ESP"]
[SourceTitle "Ajedrez en Madrid"]
[Source "lmi"]
[SourceDate "2017.11.19"]
[WhiteTeam "Blanco y Negro"]
[BlackTeam "Alcorcon"]
[WhiteTeamCountry "ESP"]
[BlackTeamCountry "ESP"]

1. e4 c5 2. Nf3 d6 3. d4 cxd4 4. Nxd4 Nf6 5. Nc3 g6 6. Be3 Bg7 7. f3 Nc6 8. Qd2
O-O 9. Bc4 Bd7 10. O-O-O Rc8 11. Bb3 Ne5 12. Kb1 a6 13. h4 h5 14. g4 hxg4 15.
h5 Nxh5 16. Rdg1 e6 17. Bh6 Qf6 18. fxg4 Bxh6 19. Qxh6 Qg7 20. Qg5 Nf6 21. Rh3
Rc5 22. Rgh1 Nexg4 23. Nf5 exf5 24. Nd5 Rxd5 25. Bxd5 fxe4 26. Bxe4 Nxe4 27.
Qe7 Re8 28. Qxd7 Nef6 29. Qxd6 Nh5 30. Qd7 Ngf6 31. Qxb7 Re6 32. a3 Qf8 33. Rc3
Qe7 34. Qb8+ Ne8 35. Rc8 Re1+ 36. Rxe1 Qxe1+ 37. Ka2 Nhf6 38. c4 Qe6 39. Qa8
Kg7 40. Rc6 Qe2 41. Qxa6 g5 42. c5 Qe4 43. Rc8 g4 44. Rd8 Nc7 45. Qf1 Qe6+ 46.
Ka1 Ncd5 47. Qh1 Qe3 48. Rxd5 Nxd5 49. Qxd5 g3 50. c6 Qf4 51. Ka2 Kg6 52. Qc5
Qc7 53. b4 f5 54. Qc2 Kf6 55. b5 Qf7+ 56. Kb2 Qe7 57. Ka2 Qf7+ 58. Kb2 Qc7 59.
Ka2 Qf7+ 1/2-1/2

[Event "Liga Madrileña - DH 2017-2018"]
[Site "Madrid ESP"]
[Date "2018.02.18"]
[Round "10.21"]
[White "Almagro Llamas, Pablo"]
[Black "Mista, Aleksander"]
[Result "0-1"]
[WhiteElo "2483"]
[BlackElo "2575"]
[PlyCount "154"]
[EventDate "2017.11.19"]
[EventType "team-tourn"]
[EventRounds "14"]
[EventCountry "ESP"]
[SourceTitle "Ajedrez en Madrid"]
[Source "lmi"]
[SourceDate "2017.11.19"]
[WhiteTeam "Virgen de Atocha"]
[BlackTeam "Collado Villalba"]
[WhiteTeamCountry "ESP"]
[BlackTeamCountry "ESP"]

1. d4 Nf6 2. Nf3 d5 3. c4 e6 4. Nc3 Nbd7 5. cxd5 exd5 6. Bg5 c6 7. e3 h6 8. Bh4
g5 9. Bg3 Nh5 10. Bd3 Nxg3 11. hxg3 Bg7 12. Qc2 Nb6 13. Rd1 Qe7 14. O-O O-O 15.
e4 dxe4 16. Bxe4 Be6 17. Rfe1 Qc7 18. Bh7+ Kh8 19. Bf5 Bxf5 20. Qxf5 Rfe8 21.
Ne5 Kg8 22. f4 Re6 23. fxg5 Rae8 24. Ne4 Nd5 25. Nc5 R6e7 26. gxh6 Bxh6 27. Re4
f6 28. Qg6+ Bg7 29. Ng4 Kf8 30. Rf1 Qd6 31. Kh2 b6 32. Rxe7 Qxe7 33. Nd3 Qe4
34. Nde5 Qxg6 35. Nxg6+ Kg8 36. Nf4 Nxf4 37. Rxf4 Re6 38. b3 Kh7 39. Rf2 Kg6
40. Rc2 Kg5 41. Nf2 f5 42. Nh3+ Kh6 43. Nf4 Rd6 44. Ne2 Kg5 45. Kg1 Kg4 46. Rc4
b5 47. Rc2 a5 48. Kf1 Bxd4 49. Nxd4 Rxd4 50. Rxc6 Kxg3 51. Rc3+ Kg4 52. Ke2 Rd5
53. Re3 b4 54. Rh3 Rc5 55. Kd2 f4 56. Rh8 Kg3 57. Rg8+ Kf2 58. Rg4 Rd5+ 59. Kc1
Ke3 60. Kc2 Rd2+ 61. Kb1 Rd1+ 62. Kb2 Rd2+ 63. Kb1 Rf2 64. Rg5 Kd4 65. Rg8 Re2
66. Rg7 Re5 67. Kc2 Ke3 68. Rg4 Rc5+ 69. Kb2 Rh5 70. Kb1 Rd5 71. Kc2 Rd4 72.
Kb1 Rd3 73. Kc2 Rc3+ 74. Kb2 Ke4 75. Rg5 Rg3 76. Rxa5 Rxg2+ 77. Kc1 f3 0-1

[Event "Liga Madrileña - DH 2017-2018"]
[Site "Madrid ESP"]
[Date "2018.02.18"]
[Round "10.22"]
[White "Vazquez Igarza, Renier"]
[Black "Espinosa Aranda, Angel"]
[Result "1/2-1/2"]
[WhiteElo "2572"]
[BlackElo "2470"]
[PlyCount "42"]
[EventDate "2017.11.19"]
[EventType "team-tourn"]
[EventRounds "14"]
[EventCountry "ESP"]
[SourceTitle "Ajedrez en Madrid"]
[Source "lmi"]
[SourceDate "2017.11.19"]
[WhiteTeam "Collado Villalba"]
[BlackTeam "Virgen de Atocha"]
[WhiteTeamCountry "ESP"]
[BlackTeamCountry "ESP"]

1. d4 Nf6 2. c4 e6 3. Nc3 Bb4 4. e3 O-O 5. Bd3 d5 6. Nf3 b6 7. O-O Bb7 8. cxd5
exd5 9. Ne5 Nbd7 10. Bd2 Nxe5 11. dxe5 Bxc3 12. Bxc3 Ne4 13. f4 f5 14. Rc1 Qe7
15. b4 a6 16. Qb3 Kh8 17. Qb2 Bc6 18. Bb1 Bb5 19. Rf3 Qe6 20. Bd4 Bc4 21. Bxe4
dxe4 1/2-1/2

[Event "Liga Madrileña - DH 2017-2018"]
[Site "Madrid ESP"]
[Date "2018.02.18"]
[Round "10.23"]
[White "Rubio Mejia, Luis Ignacio"]
[Black "Moreno Ruiz, Javier"]
[Result "1-0"]
[WhiteElo "2447"]
[BlackElo "2447"]
[PlyCount "95"]
[EventDate "2017.11.19"]
[EventType "team-tourn"]
[EventRounds "14"]
[EventCountry "ESP"]
[SourceTitle "Ajedrez en Madrid"]
[Source "lmi"]
[SourceDate "2017.11.19"]
[WhiteTeam "Virgen de Atocha"]
[BlackTeam "Collado Villalba"]
[WhiteTeamCountry "ESP"]
[BlackTeamCountry "ESP"]

1. d4 Nf6 2. c4 g6 3. Nc3 d5 4. e3 Bg7 5. cxd5 Nxd5 6. Nxd5 Qxd5 7. Ne2 c5 8.
Nc3 Qd8 9. d5 O-O 10. Be2 e6 11. e4 exd5 12. exd5 Nd7 13. O-O b6 14. Qb3 a6 15.
a4 Re8 16. Be3 Qh4 17. Rad1 Qb4 18. Qc2 Nf6 19. Bf3 Bf5 20. Qc1 Bg4 21. Bxg4
Nxg4 22. Bg5 h6 23. Bf4 Ne5 24. d6 Rad8 25. Bxh6 Bxh6 26. Qxh6 Qxb2 27. Nd5
Rxd6 28. Ne7+ Rxe7 29. Rxd6 Re8 30. Rfd1 Qb3 31. f4 Ng4 32. Rxg6+ fxg6 33.
Qxg6+ Kf8 34. Qf5+ Kg8 35. Qxg4+ Kf8 36. h3 Qe3+ 37. Kh2 Qe6 38. Qg5 c4 39. Rd5
Re7 40. Re5 Qd6 41. Rd5 Qe6 42. Rf5+ Ke8 43. Re5 Qd6 44. Qg8+ Kd7 45. Rd5 c3
46. Rxd6+ Kxd6 47. Qd8+ Rd7 48. Qf6+ 1-0

[Event "Liga Madrileña - DH 2017-2018"]
[Site "Madrid ESP"]
[Date "2018.02.18"]
[Round "10.24"]
[White "Rodriguez Cespedes, Amador"]
[Black "Plazuelo Pascual, Juan"]
[Result "1-0"]
[WhiteElo "2403"]
[BlackElo "2340"]
[PlyCount "131"]
[EventDate "2017.11.19"]
[EventType "team-tourn"]
[EventRounds "14"]
[EventCountry "ESP"]
[SourceTitle "Ajedrez en Madrid"]
[Source "lmi"]
[SourceDate "2017.11.19"]
[WhiteTeam "Collado Villalba"]
[BlackTeam "Virgen de Atocha"]
[WhiteTeamCountry "ESP"]
[BlackTeamCountry "ESP"]

1. Nf3 Nf6 2. g3 b6 3. Bg2 Bb7 4. O-O g6 5. c4 Bg7 6. d4 O-O 7. Nc3 Ne4 8. Nxe4
Bxe4 9. Be3 d5 10. Qc1 Nc6 11. Rd1 Re8 12. Ne1 Bxg2 13. Nxg2 dxc4 14. Qxc4 Na5
15. Qa4 Qd6 16. Rac1 c6 17. Bd2 Nb7 18. Bf4 Qe6 19. Qxc6 Qxc6 20. Rxc6 Rac8 21.
Rxc8 Rxc8 22. Ne1 Na5 23. Nf3 Rc2 24. Rd2 Rc1+ 25. Kg2 h6 26. b3 g5 27. Be3 Nc6
28. h4 g4 29. Ne5 Nxe5 30. dxe5 Rc7 31. Bf4 e6 32. h5 Bf8 33. f3 gxf3+ 34. exf3
Kg7 35. g4 b5 36. Be3 a6 37. f4 Ba3 38. Re2 Bc1 39. Kf2 Bxe3+ 40. Rxe3 Rc2+ 41.
Re2 Rc3 42. f5 exf5 43. gxf5 Rh3 44. f6+ Kf8 45. Kg2 Rxh5 46. Kg3 Ke8 47. Kf4
Rh4+ 48. Kf5 Rh5+ 49. Ke4 Rh4+ 50. Kd5 Kd7 51. Rd2 Rh5 52. b4 Kc7 53. Rg2 Rh1
54. Rg7 Rd1+ 55. Ke4 Re1+ 56. Kf4 Rf1+ 57. Kg3 Rf5 58. Rxf7+ Kd8 59. Re7 h5 60.
a3 Rf1 61. Kh3 Rf2 62. Re6 Rf5 63. Kg3 Kd7 64. Re7+ Kc6 65. f7 Kd5 66. e6 1-0